[Event "Michigan Class A"]
[Site "Grand Rapids, MI"]
[Date "1999.01.10"]
[Round "4"]
[White "Vandivier, Don"]
[Black "Brumley, Ron"]
[Result "0-1"]
[WhiteElo "1932"]
[BlackElo "1825"]
[PlyCount "60"]
[EventDate "1999.01.09"]

1. e4 d6 2. d4 Nf6 3. Nc3 g6 4. f3 Bg7 5. Be3 Nbd7 6. Qd2 h5 7. O-O-O Nb6 8. d5
c5 9. dxc6 bxc6 10. e5 Nfd5 11. Nxd5 Nxd5 12. exd6 Qxd6 13. g3 Nxe3 14. Qxd6
exd6 15. Re1 Be6 16. Rxe3 Kd7 17. Nh3 Rab8 18. b3 Bh6 19. Nf4 Bxf4 20. gxf4 Bf5
21. Bc4 d5 22. Rd1 Rhe8 23. Rxe8 Rxe8 24. Bd3 Bxd3 25. Rxd3 Re1+ 26. Rd1 Re3
27. Rd3 Rxd3 28. cxd3 Ke6 29. Kd2 d4 30. b4 Kf5 0-1

[Event "Michigan Class A"]
[Site "Grand Rapids, MI"]
[Date "1999.01.10"]
[Round "5"]
[White "Turner, Keita"]
[Black "Townsend, Paul"]
[Result "0-1"]
[WhiteElo "1890"]
[BlackElo "1905"]
[PlyCount "56"]
[EventDate "1999.01.09"]

1. e4 e6 2. d4 b6 3. Nf3 Bb7 4. Nbd2 d6 5. Bd3 Nf6 6. O-O Nbd7 7. c3 c5 8. e5
dxe5 9. dxe5 Ng4 10. Bb5 a6 11. Bxd7+ Qxd7 12. Re1 Rd8 13. h3 Nh6 14. a4 Nf5
15. Qb3 Rb8 16. Qxb6 Be7 17. Ne4 Qd5 18. Bg5 Bxg5 19. Nfxg5 c4 20. g4 O-O 21.
Rad1 Qxe5 22. Nd6 Qf4 23. Nxe6 fxe6 24. Nxb7 Nh4 25. Re2 Nf3+ 26. Kf1 Qh2 27.
Rxe6 Rxb7 28. Qc5 Qg1+ 0-1

[Event "Michigan Class A"]
[Site "Grand Rapids, MI"]
[Date "1999.01.10"]
[Round "4"]
[White "Townsend, Paul"]
[Black "Skidmore, Mike"]
[Result "1-0"]
[WhiteElo "1905"]
[BlackElo "1830"]
[PlyCount "95"]
[EventDate "1999.01.09"]

1. e3 d5 2. Nf3 Nf6 3. b3 Bg4 4. h3 Bh5 5. Be2 e6 6. Bb2 Nbd7 7. O-O Be7 8. d4
O-O 9. Nbd2 c5 10. c4 b6 11. Ne5 Bxe2 12. Qxe2 Nxe5 13. dxe5 Nd7 14. cxd5 exd5
15. Qf3 Qc7 16. Qxd5 Rfd8 17. Nf3 Nf8 18. Qe4 Ne6 19. Rac1 Rac8 20. h4 h6 21.
Nd4 Qd7 22. Nf5 Bf8 23. Rfd1 Qxd1+ 24. Rxd1 Rxd1+ 25. Kh2 Rd2 26. Bc3 Rxf2 27.
Nd6 Rd8 28. Nc4 Rd1 29. Nb2 Rdf1 30. a4 Re2 31. Nd3 Rc2 32. Be1 Re2 33. Bg3 Nd4
34. Nf4 Nf3+ 35. Kh3 Ng1+ 36. Kg4 Rb2 37. e6 fxe6 38. Qxe6+ Kh7 39. Nd3 Rxg2
40. Qe4+ g6 41. Qb7+ Bg7 42. h5 gxh5+ 43. Kh4 Kg6 44. Qe4+ Kf7 45. Qxg2 Bf6+
46. Kxh5 Rf5+ 47. Kg4 Rg5+ 48. Kf4 1-0

[Event "Michigan Class D/E"]
[Site "Grand Rapids, MI"]
[Date "1999.01.10"]
[Round "5"]
[White "Sinke, Brian"]
[Black "Miller, Jess"]
[Result "0-1"]
[WhiteElo "1605"]
[BlackElo "1605"]
[PlyCount "98"]
[EventDate "1999.01.09"]

1. d4 d5 2. e3 e6 3. Bd3 Nf6 4. Nd2 Bd6 5. f4 Nc6 6. c3 Bd7 7. Ngf3 Qe7 8. Ne5
O-O-O 9. O-O h5 10. Qc2 Bxe5 11. fxe5 Ng4 12. Nf3 g5 13. e4 Nh6 14. Bxg5 Qf8
15. Bxd8 Qxd8 16. Rf2 Ng4 17. Re2 Qg8 18. h3 Nh6 19. Rf1 Ne7 20. Qd2 Ng6 21.
Qg5 Rh7 22. Nh4 Rg7 23. Nxg6 Rxg6 24. Qf4 Be8 25. exd5 Nf5 26. Kh1 Ng3+ 27. Kh2
Nxe2 28. Bxe2 Rxg2+ 29. Kh1 Rxe2 30. Rg1 Qh7 31. Qg5 Qc2 32. Rg2 Rxg2 33. Qxg2
Qxg2+ 34. Kxg2 exd5 35. Kg3 Kd7 36. Kf4 Ke7 37. h4 Kf8 38. Kg5 Kg7 39. Kxh5 f6+
40. Kg4 fxe5 41. dxe5 Bf7 42. a3 c5 43. Kf5 d4 44. cxd4 cxd4 45. Kf4 d3 46. Ke3
Bg6 47. h5 Bh7 48. a4 Kf7 49. a5 Ke6 0-1

[Event "Michigan Class A"]
[Site "Grand Rapids, MI"]
[Date "1999.01.10"]
[Round "4"]
[White "Sellers, Matt"]
[Black "Estlick, Laurence"]
[Result "1-0"]
[WhiteElo "1930"]
[BlackElo "1960"]
[PlyCount "55"]
[EventDate "1999.01.09"]

1. d4 d5 2. c4 e6 3. Nc3 Nf6 4. Bg5 c6 5. Nf3 Nbd7 6. e3 Be7 7. Rc1 O-O 8. Qc2
dxc4 9. Bxc4 Nd5 10. Bxe7 Qxe7 11. O-O Re8 12. Rfd1 h6 13. e4 Nxc3 14. Qxc3 e5
15. dxe5 Nb6 16. h3 Nxc4 17. Qxc4 Be6 18. Qa4 a5 19. Rd6 f6 20. Rcd1 fxe5 21.
Nxe5 Bxh3 22. Ng6 Qg5 23. Qb3+ Re6 24. Nf4 Qxf4 25. gxh3 Qg5+ 26. Kh1 Rf8 27.
Qxe6+ Kh7 28. Rg1 1-0

[Event "Michigan Class D/E"]
[Site "Grand Rapids, MI"]
[Date "1999.01.10"]
[Round "4"]
[White "Roth, Bruce"]
[Black "Choate, Eric"]
[Result "1-0"]
[WhiteElo "1605"]
[BlackElo "1605"]
[PlyCount "69"]
[EventDate "1999.01.09"]

1. e4 e5 2. Nf3 d6 3. Bc4 Bg4 4. h3 Bh5 5. O-O Nf6 6. Re1 Nc6 7. c3 Be7 8. d4
exd4 9. cxd4 O-O 10. Nc3 a6 11. a3 h6 12. b4 Nh7 13. Qd3 Bxf3 14. gxf3 Qd7 15.
f4 Bh4 16. Ra2 Kh8 17. Bb3 Nxd4 18. Qxd4 Qxh3 19. Qe3 Qg4+ 20. Kf1 Rae8 21. Rd2
f5 22. Bd1 Qg6 23. Qh3 Bf6 24. exf5 Rxe1+ 25. Kxe1 Qe8+ 26. Re2 Bxc3+ 27. Qxc3
Qd7 28. Bc2 Nf6 29. Qd3 Qc6 30. f3 Nh5 31. Kf2 Nf6 32. Bb2 Nd5 33. f6 Nxf6 34.
Bxf6 Rxf6 35. Qh7# 1-0

[Event "Michigan Class C"]
[Site "Grand Rapids, MI"]
[Date "1999.01.10"]
[Round "5"]
[White "Reist, Douglas"]
[Black "Johnson, Donta"]
[Result "0-1"]
[WhiteElo "1605"]
[BlackElo "1605"]
[PlyCount "51"]
[EventDate "1999.01.09"]

1. e4 c5 2. Nf3 d6 3. d4 cxd4 4. Nxd4 Nf6 5. Nc3 g6 6. Be3 Bg7 7. Qd2 Ng4 8.
O-O-O Nxe3 9. Qxe3 a6 10. Kb1 Nc6 11. Nb3 Be6 12. Nd5 Rc8 13. Bc4 Ne5 14. Be2
O-O 15. h3 Nc4 16. Bxc4 Rxc4 17. f4 a5 18. Qd3 b5 19. f5 Bxd5 20. Qxd5 Qb6 21.
fxg6 hxg6 22. h4 a4 23. h5 axb3 24. hxg6 bxc2+ 25. Kc1 cxd1=Q+ 26. Kxd1 0-1

[Event "Michigan Masters/Experts"]
[Site "Grand Rapids, MI"]
[Date "1999.01.10"]
[Round "3.2"]
[White "Rajlich, Vasik"]
[Black "Ciaffone, Bob"]
[Result "0-1"]
[WhiteElo "2293"]
[BlackElo "2200"]
[PlyCount "88"]
[EventDate "1999.01.09"]

1. e4 c5 2. Nf3 Nc6 3. d4 cxd4 4. Nxd4 Nf6 5. Nc3 d6 6. Bg5 e6 7. Qd2 a6 8.
O-O-O h6 9. Be3 Ng4 10. Nxc6 bxc6 11. Bc5 d5 12. Bxf8 Kxf8 13. h3 Nf6 14. g4
Rb8 15. Bc4 Qb6 16. Bb3 g6 17. Qf4 Nd7 18. exd5 cxd5 19. g5 hxg5 20. Qxg5 Rh5
21. Qg3 Rf5 22. f4 Nf6 23. Rhf1 a5 24. Rde1 Ba6 25. Rf3 Qc7 26. Re5 Nh5 27. Qf2
Ng7 28. Na4 Kg8 29. c3 Bb5 30. Qd4 Bxa4 31. Qxa4 Rb4 32. Qa3 Rbxf4 33. Rxf4
Rxf4 34. Re1 d4 35. c4 Nf5 36. Qa4 Nd6 37. Kb1 Qc5 38. a3 e5 39. Bc2 e4 40.
Bxe4 Rxe4 41. Rxe4 Qf5 42. c5 Nxe4 43. Ka2 Qd5+ 44. Kb1 d3 0-1

[Event "Michigan Class D/E"]
[Site "Grand Rapids, MI"]
[Date "1999.01.10"]
[Round "5"]
[White "Poniatowski, Don"]
[Black "Russell, Scott"]
[Result "1-0"]
[WhiteElo "1605"]
[BlackElo "1605"]
[PlyCount "123"]
[EventDate "1999.01.09"]

1. e4 d5 2. exd5 Nf6 3. d4 e6 4. Nf3 Bd6 5. Nc3 O-O 6. Be3 Bb4 7. Be2 Nxd5 8.
Bd2 Re8 9. O-O Nxc3 10. Bxc3 Bxc3 11. bxc3 b6 12. Re1 Bb7 13. Bb5 c6 14. Bd3
Nd7 15. Qe2 c5 16. Be4 Bxe4 17. Qxe4 Nf6 18. Qd3 Qc7 19. Re2 Nd5 20. Qd2 Rad8
21. Re4 cxd4 22. cxd4 Qc3 23. Qxc3 Nxc3 24. Re3 Rc8 25. a3 Red8 26. h3 Nb5 27.
Re2 Nxd4 28. Nxd4 Rxd4 29. f3 Rc3 30. Kh2 Kf8 31. a4 Rdc4 32. Ra2 Rc5 33. g4
Ke7 34. Kg3 Kd6 35. Rd2+ Kc6 36. Rd8 Rxc2 37. Rxc2 Kc7 38. Rxc5+ Kxd8 39. Rc3
Kd7 40. a5 b5 41. a6 Kd6 42. Kf2 Kd7 43. Ke3 f6 44. Rc5 g5 45. Rxb5 Kc6 46. Rb4
f5 47. gxf5 exf5 48. f4 h6 49. fxg5 hxg5 50. Kf3 g4+ 51. hxg4 fxg4+ 52. Kxg4
Kc7 53. Kf4 Kc6 54. Rb1 Kc5 55. Ke5 Kc6 56. Ke6 Kc5 57. Kd7 Kc4 58. Kc7 Kc5 59.
Rb7 Kc4 60. Rxa7 Kc5 61. Rb7 Kc4 62. a7 1-0

[Event "Michigan Class D/E"]
[Site "Grand Rapids, MI"]
[Date "1999.01.10"]
[Round "4"]
[White "Poniatowski, Don"]
[Black "Mihelich, John"]
[Result "1/2-1/2"]
[WhiteElo "1605"]
[BlackElo "1605"]
[PlyCount "125"]
[EventDate "1999.01.09"]

1. e4 e5 2. Nf3 Nc6 3. Bc4 h6 4. c3 d6 5. h3 Nf6 6. d3 Be7 7. O-O Bd7 8. Re1
Qc8 9. d4 O-O 10. dxe5 dxe5 11. b4 Bd6 12. Bb3 Ne7 13. Nbd2 Ng6 14. Nf1 Be6 15.
Ng3 Qd8 16. a3 Qe7 17. c4 Rad8 18. Qc2 b6 19. Be3 Nd7 20. Rad1 c5 21. b5 Nh4
22. Nxh4 Qxh4 23. Rxd6 Nf6 24. Rxd8 Rxd8 25. Rd1 Re8 26. a4 g5 27. Nf5 Bxf5 28.
exf5 g4 29. f3 gxh3 30. gxh3 Kh7 31. Kh2 e4 32. Bf2 Qf4+ 33. Bg3 Qxf3 34. Qf2
Qxb3 35. Re1 Qxc4 36. Bf4 Rg8 37. Be5 Qd3 38. Bxf6 Qd6+ 39. Kh1 Qxf6 40. Rxe4
Rg5 41. Rf4 c4 42. Rxc4 Rxf5 43. Qc2 Qg6 44. Qg2 Qe6 45. Qe4 Qxe4+ 46. Rxe4 a6
47. bxa6 Ra5 48. Kg2 Rxa6 49. Kf3 Ra5 50. Kf4 b5 51. axb5 Rxb5 52. h4 Kg6 53.
Ra4 Rf5+ 54. Kg3 Rf1 55. Ra5 f5 56. Ra6+ Kh5 57. Ra5 Rg1+ 58. Kh3 Kg6 59. Ra6+
Kh5 60. Ra5 Rh1+ 61. Kg3 Kg6 62. Ra6+ Kg7 63. Ra7+ 1/2-1/2

[Event "Michigan Class B"]
[Site "Grand Rapids, MI"]
[Date "1999.01.10"]
[Round "5"]
[White "Pointer, Gilbert"]
[Black "McCarter, Robert"]
[Result "1-0"]
[WhiteElo "1650"]
[BlackElo "1605"]
[PlyCount "41"]
[EventDate "1999.01.09"]

1. c4 c5 2. Nc3 Nc6 3. Nf3 g6 4. g3 Bg7 5. Bg2 d6 6. O-O e6 7. d3 Bd7 8. Bf4
Qe7 9. Nb5 Bxb2 10. Nc7+ Kd8 11. Nxa8 Bxa1 12. Qxa1 e5 13. Qb2 Bc8 14. Bd2 Nf6
15. Ng5 h6 16. Bxc6 bxc6 17. Ba5+ Ke8 18. Qb8 Qb7 19. Qxd6 Nd7 20. Nc7+ Kd8 21.
Nxf7# 1-0

[Event "Michigan Class B"]
[Site "Grand Rapids, MI"]
[Date "1999.01.10"]
[Round "4"]
[White "Parker, Harvard"]
[Black "al-Shareef, Robert"]
[Result "0-1"]
[WhiteElo "1635"]
[BlackElo "1770"]
[PlyCount "142"]
[EventDate "1999.01.09"]

1. e4 c5 2. Nc3 Nc6 3. f4 g6 4. Nf3 Bg7 5. Bc4 e6 6. f5 Nge7 7. fxe6 dxe6 8. d3
O-O 9. O-O Na5 10. Qe1 Nec6 11. Bg5 f6 12. Be3 b6 13. Qh4 Nd4 14. Rac1 Nxc4 15.
dxc4 Bb7 16. Rcd1 Nxf3+ 17. Rxf3 Qe7 18. Rh3 Bh8 19. Rf1 Rf7 20. Re1 f5 21.
exf5 Qxh4 22. Rxh4 Rxf5 23. Rd1 Raf8 24. Bh6 Bd4+ 25. Rhxd4 cxd4 26. Bxf8 dxc3
27. Ba3 Ba6 28. b3 Ra5 29. Bb4 Rxa2 30. Bxc3 Rxc2 31. Rd8+ Kf7 32. Bb4 Kf6 33.
Rd7 Rc1+ 34. Kf2 Rb1 35. Rxa7 Bxc4 36. Be7+ Kf5 37. bxc4 Rb2+ 38. Ke3 Rxg2 39.
Bd6 e5 40. Rxh7 Rg4 41. Kd3 Rd4+ 42. Ke3 Rxd6 43. Rc7 g5 44. c5 bxc5 45. Rxc5
Rh6 46. Kf2 Rxh2+ 47. Kg3 Rh4 48. Rb5 Rd4 49. Rb8 Rd3+ 50. Kf2 e4 51. Rf8+ Kg4
52. Re8 Rf3+ 53. Ke2 Rf4 54. Re5 Kh4 55. Ke3 Rg4 56. Re8 Kg3 57. Rg8 Kg2 58.
Ra8 Kh2 59. Rh8+ Rh4 60. Rg8 g4 61. Kf2 g3+ 62. Kf1 Rf4+ 63. Ke1 g2 64. Rh8+
Kg3 65. Rg8+ Rg4 66. Rxg4+ Kxg4 67. Kf2 Kh3 68. Kg1 Kg4 69. Kxg2 Kg5 70. Kg3
Kf5 71. Kf2 Kf4 $138 0-1

[Event "Michigan Class D/E"]
[Site "Grand Rapids, MI"]
[Date "1999.01.10"]
[Round "4"]
[White "Moulter, Art"]
[Black "Crist, Kevin"]
[Result "1/2-1/2"]
[WhiteElo "1605"]
[BlackElo "1605"]
[PlyCount "53"]
[EventDate "1999.01.09"]

1. d4 d5 2. Nf3 Nf6 3. Bf4 Bf5 4. e3 e6 5. c3 Bd6 6. Bg5 Nbd7 7. Bd3 Bg4 8.
Nbd2 h6 9. Bh4 c6 10. Qc2 Bh5 11. h3 Bxf3 12. Nxf3 Be7 13. O-O Qc7 14. Bg3 Bd6
15. Bh2 O-O 16. Rac1 b5 17. b4 a6 18. Bxd6 Qxd6 19. Nd2 Nb6 20. Qb3 Rfe8 21. f4
g6 22. Qd1 Na4 23. Qc2 Kg7 24. Be2 Rh8 25. Nf3 Ne4 26. Kh2 f5 27. Ne5 1/2-1/2

[Event "Michigan Class B"]
[Site "Grand Rapids, MI"]
[Date "1999.01.10"]
[Round "4"]
[White "Moore, Robert"]
[Black "Blaine, Roger"]
[Result "0-1"]
[WhiteElo "1605"]
[BlackElo "1720"]
[PlyCount "72"]
[EventDate "1999.01.09"]

1. e4 e6 2. d4 d5 3. e5 c5 4. c3 Nc6 5. Nf3 Qb6 6. Be2 Nge7 7. dxc5 Qxc5 8. O-O
Ng6 9. Be3 Qa5 10. b4 Qc7 11. Bd4 Ncxe5 12. Re1 Nd7 13. Qa4 e5 14. Be3 Bd6 15.
Bd2 O-O 16. Na3 Nb6 17. Qd1 a6 18. Be3 Rd8 19. Bxb6 Qxb6 20. Nc2 Qc6 21. Qd2 b5
22. Rac1 Bb7 23. Ne3 Rac8 24. Bf1 Bb8 25. Qb2 Qc7 26. g3 Qd7 27. Rcd1 d4 28.
Ng5 Qe7 29. cxd4 Qxg5 30. dxe5 Bxe5 31. Qe2 Nh4 32. Bg2 Nxg2 33. Rxd8+ Qxd8 34.
Nxg2 Bc3 35. Rd1 Qf6 36. a3 Bf3 0-1

[Event "Michigan Class D/E"]
[Site "Grand Rapids, MI"]
[Date "1999.01.10"]
[Round "4"]
[White "Miller, Jess"]
[Black "Mitchell, Dave"]
[Result "0-1"]
[WhiteElo "1605"]
[BlackElo "1605"]
[PlyCount "96"]
[EventDate "1999.01.09"]

1. d4 d6 2. c4 Nf6 3. Nc3 c6 4. Bg5 Nbd7 5. Nf3 Qa5 6. Bd2 g6 7. Nd5 Qd8 8.
Nxf6+ Nxf6 9. e3 Bg7 10. Bd3 Bg4 11. h3 Bxf3 12. Qxf3 e5 13. dxe5 dxe5 14. Bc2
O-O 15. Bc3 Re8 16. Rd1 Qc7 17. e4 Rad8 18. O-O Nh5 19. c5 Nf4 20. g3 Nxh3+ 21.
Kg2 Qc8 22. Rh1 Ng5 23. Qe3 Rxd1 24. Bxd1 Ne6 25. Bb3 Rd8 26. Qf3 Qc7 27. Qe3
Nd4 28. Bc4 Qe7 29. b4 Qf6 30. Be2 Qe6 31. Qd2 Rd7 32. Qb2 f5 33. exf5 Qxf5 34.
Bxd4 exd4 35. Qb3+ Kh8 36. Qd1 Qe4+ 37. Bf3 Qf5 38. Re1 d3 39. Re8+ Bf8 40.
Qa1+ Kg8 41. Bd1 d2 42. Bb3+ Rf7 43. Rd8 Qxf2+ 44. Kh3 Qf5+ 45. Kg2 Qe4+ 46.
Kh3 Qe1 47. Qb2 Qf1+ 48. Kh4 Qh1+ 0-1

[Event "Michigan Class D/E"]
[Site "Grand Rapids, MI"]
[Date "1999.01.10"]
[Round "5"]
[White "Mihelich, John"]
[Black "DeFrayne, Don"]
[Result "0-1"]
[WhiteElo "1605"]
[BlackElo "1605"]
[PlyCount "86"]
[EventDate "1999.01.09"]

1. e4 c6 2. d4 d5 3. e5 Bf5 4. Nc3 e6 5. Bd3 Bxd3 6. Qxd3 c5 7. dxc5 Nc6 8. Nf3
Bxc5 9. O-O Nge7 10. Be3 Bxe3 11. fxe3 Nf5 12. Qe2 Qb6 13. Rae1 O-O 14. g4 Nfe7
15. Qg2 Ng6 16. Qg3 Qxb2 17. Ne2 Ncxe5 18. h4 Nxf3+ 19. Rxf3 f5 20. Nd4 f4 21.
Qh2 fxe3 22. Rxf8+ Rxf8 23. Nxe6 Qb4 24. Qg3 Ne5 25. Nxf8 Nf3+ 26. Kf1 Qxe1+
27. Qxe1 Nxe1 28. Kxe1 Kxf8 29. Ke2 d4 30. c3 dxc3 31. Kxe3 Ke7 32. Kd3 Ke6 33.
Kxc3 Ke5 34. Kd3 Kf4 35. g5 Kg4 36. Ke4 Kxh4 37. Kf4 g6 38. a3 b5 39. Kf3 Kxg5
40. Kg3 a5 41. Kf3 h5 42. Kg3 b4 43. axb4 axb4 0-1

[Event "Michigan Class C"]
[Site "Grand Rapids, MI"]
[Date "1999.01.10"]
[Round "5"]
[White "Mellas, Jim"]
[Black "Belill, Mike"]
[Result "1-0"]
[WhiteElo "1605"]
[BlackElo "1605"]
[PlyCount "85"]
[EventDate "1999.01.09"]

1. f4 Nf6 2. e3 d5 3. Nf3 c5 4. Be2 Nc6 5. O-O e6 6. Ne5 Qc7 7. Nxc6 Qxc6 8.
Nc3 a6 9. a4 Bd7 10. b3 Be7 11. Bb2 O-O 12. Rf3 Qc7 13. Rg3 Bc6 14. Bf3 Rad8
15. Qe2 d4 16. exd4 cxd4 17. Ne4 Nxe4 18. Bxe4 Qxf4 19. Bxc6 bxc6 20. Rf1 Qd6
21. Qxa6 f5 22. Qe2 Bf6 23. b4 Rde8 24. b5 cxb5 25. Ba3 Qb6 26. Qxb5 Qxb5 27.
axb5 Rf7 28. c4 dxc3 29. dxc3 Rb7 30. Rb1 Rc8 31. Rb3 e5 32. Bb2 e4 33. Re3 Rc5
34. c4 Bxb2 35. Rxb2 Rxc4 36. b6 f4 37. Ra3 e3 38. Kf1 Re4 39. Ra7 e2+ 40. Ke1
Ree7 41. Rba2 Kf8 42. Rxb7 Rxb7 43. Ra8+ 1-0

[Event "Michigan Beginners"]
[Site "Grand Rapids, MI"]
[Date "1999.01.10"]
[Round "4"]
[White "McMillan, Timothy"]
[Black "DeLucas, Ronald"]
[Result "1-0"]
[WhiteElo "1605"]
[BlackElo "1605"]
[PlyCount "91"]
[EventDate "1999.01.09"]

1. Nf3 d5 2. d4 f6 3. b3 Nc6 4. Bb2 Be6 5. Nbd2 Bf5 6. a3 Qd6 7. e3 e5 8. c4 e4
9. Nh4 Be6 10. cxd5 Bxd5 11. Nf5 Qe6 12. Ng3 Na5 13. Bb5+ c6 14. Bc4 Rc8 15.
Ngxe4 b6 16. Bxd5 cxd5 17. Ng3 Nh6 18. O-O Nf5 19. Re1 Bd6 20. e4 O-O 21. exf5
Qd7 22. Nh5 Qxf5 23. Ng3 Qf4 24. Nf3 g6 25. h3 h5 26. Bc1 Rxc1 27. Qxc1 g5 28.
Qxf4 Bxf4 29. Nxh5 Nxb3 30. Nxf4 Nxa1 31. Rxa1 gxf4 32. g3 Rc8 33. g4 Rc4 34.
h4 b5 35. Kg2 Kh7 36. g5 Kg6 37. Rh1 fxg5 38. Ne5+ Kh5 39. Nxc4 dxc4 40. d5 g4
41. d6 c3 42. d7 c2 43. d8=Q f3+ 44. Kh2 g3+ 45. Kxg3 a5 46. Qg5# 1-0

[Event "Michigan Class D/E"]
[Site "Grand Rapids, MI"]
[Date "1999.01.10"]
[Round "5"]
[White "McCrandell, James"]
[Black "Moulter, Art"]
[Result "1/2-1/2"]
[WhiteElo "1605"]
[BlackElo "1605"]
[PlyCount "74"]
[EventDate "1999.01.09"]

1. e4 e5 2. Nf3 Nc6 3. Bb5 a6 4. Ba4 Nf6 5. d3 b5 6. Bb3 h6 7. Nc3 Bb4 8. Bd2
d6 9. h3 O-O 10. Nd5 Bxd2+ 11. Qxd2 Nxd5 12. Bxd5 Bd7 13. d4 Rb8 14. Rd1 Kh8
15. Qc3 Ne7 16. dxe5 Nxd5 17. Rxd5 Be6 18. Rd3 Qe7 19. exd6 cxd6 20. O-O Rfc8
21. Qd2 Bc4 22. Rxd6 Bxf1 23. Kxf1 Rd8 24. Rxd8+ Rxd8 25. Qe3 Rd1+ 26. Ke2 Rd6
27. Nd4 Qg5 28. Qc3 Qe5 29. Ke3 Qg5+ 30. Ke2 Rd8 31. g4 Re8 32. f3 Qf4 33. Nf5
Qh2+ 34. Ke3 Qe5 35. Qc6 Qe6 36. Qc7 Qe5 37. Qc6 Qe6 1/2-1/2

[Event "Michigan Class B"]
[Site "Grand Rapids, MI"]
[Date "1999.01.10"]
[Round "4"]
[White "McCarter, Robert"]
[Black "Dorrington, Eldon"]
[Result "0-1"]
[WhiteElo "1605"]
[BlackElo "1605"]
[PlyCount "56"]
[EventDate "1999.01.09"]

1. d4 Nf6 2. Nf3 g6 3. Bf4 Bg7 4. e3 d6 5. h3 Nbd7 6. c4 O-O 7. Nc3 Ne8 8. Qc2
e5 9. dxe5 Nxe5 10. Nxe5 dxe5 11. Rd1 Qe7 12. Bh2 Be6 13. Be2 c6 14. O-O Nd6
15. c5 Ne8 16. b4 Nc7 17. a3 Rfd8 18. e4 Rxd1 19. Rxd1 Rd8 20. Bg3 f5 21. exf5
gxf5 22. f3 Nd5 23. Bf2 Nxc3 24. Rxd8+ Qxd8 25. Qxc3 f4 26. Bd3 e4 27. Qd2 exd3
28. Qxf4 d2 0-1

[Event "Michigan Class C"]
[Site "Grand Rapids, MI"]
[Date "1999.01.10"]
[Round "5"]
[White "Mathews, Jeff"]
[Black "Jensen, David"]
[Result "1/2-1/2"]
[WhiteElo "1605"]
[BlackElo "1605"]
[PlyCount "86"]
[EventDate "1999.01.09"]

1. e4 e5 2. Nf3 Nc6 3. Bb5 d6 4. d4 Bd7 5. Bxc6 Bxc6 6. Nc3 Nf6 7. Bg5 Be7 8.
d5 Bd7 9. Qd2 b5 10. h3 b4 11. Ne2 Nxe4 12. Bxe7 Nxd2 13. Bxd8 Nxf3+ 14. gxf3
Rxd8 15. O-O-O f5 16. c4 bxc3 17. Nxc3 Kf7 18. Ne2 Rb8 19. f4 e4 20. Nd4 Rb6
21. Rhe1 Rhb8 22. b3 a5 23. f3 a4 24. fxe4 fxe4 25. Rxe4 axb3 26. axb3 Rb4 27.
Re3 Re8 28. Rxe8 Kxe8 29. Kc2 h6 30. Kc3 Rb6 31. Ne6 Bxe6 32. dxe6 Rb5 33. Kc4
Rf5 34. Rg1 Rxf4+ 35. Kd5 g5 36. Ra1 Rf5+ 37. Kd4 c5+ 38. Kc4 Re5 39. Ra7 Rxe6
40. Kd5 Re7 41. Ra8+ Kd7 42. Ra7+ Ke8 43. Ra8+ Kd7 1/2-1/2

[Event "Michigan Class C"]
[Site "Grand Rapids, MI"]
[Date "1999.01.10"]
[Round "4"]
[White "Mathews, Jeff"]
[Black "Asbury, Victor"]
[Result "0-1"]
[WhiteElo "1605"]
[BlackElo "1605"]
[PlyCount "58"]
[EventDate "1999.01.09"]

1. e4 c5 2. Nf3 Nc6 3. d4 cxd4 4. Nxd4 g6 5. Bc4 Nf6 6. Nxc6 bxc6 7. e5 Ne4 8.
Bxf7+ Kxf7 9. Qf3+ Nf6 10. exf6 exf6 11. Nc3 Bg7 12. Be3 Re8 13. O-O-O d5 14.
Bd4 f5 15. Bxg7 Kxg7 16. h4 h6 17. Ne2 Re4 18. Ng3 Re5 19. Qc3 Qf6 20. Qc5 f4
21. Nf1 Bd7 22. Nd2 Qe7 23. Nb3 Qxc5 24. Nxc5 Bf5 25. b4 a5 26. a3 axb4 27.
axb4 Re2 28. Nd3 Bxd3 29. cxd3 Ra1# 0-1

[Event "Michigan Class D/E"]
[Site "Grand Rapids, MI"]
[Date "1999.01.10"]
[Round "4"]
[White "Lueer, Michael"]
[Black "Bainbridge, Chris"]
[Result "0-1"]
[WhiteElo "1605"]
[BlackElo "1605"]
[PlyCount "86"]
[EventDate "1999.01.09"]

1. d4 d5 2. e4 Nf6 3. Nc3 dxe4 4. f3 Bf5 5. Bg5 e6 6. Bxf6 Qxf6 7. fxe4 Bg6 8.
Qf3 Nd7 9. e5 Qxf3 10. Nxf3 Bxc2 11. Nb5 Bb4+ 12. Nd2 Bxd2+ 13. Kxd2 O-O 14.
Kxc2 c5 15. Bd3 cxd4 16. Nxd4 Rac8+ 17. Kd2 Nxe5 18. Rhe1 Nc4+ 19. Bxc4 Rxc4
20. Kd3 Rb4 21. Kc3 a5 22. a3 Rc8+ 23. Kd3 Rxb2 24. Rab1 Rxg2 25. Rec1 Rd8 26.
Rxb7 Rxh2 27. Rc2 Rh3+ 28. Kc4 g6 29. Nc6 Rc8 30. Kb5 Rh5+ 31. Rc5 Rxc5+ 32.
Kxc5 h5 33. Kb5 Kg7 34. Kxa5 Rxc6 35. a4 h4 36. Kb5 Rd6 37. a5 h3 38. a6 Rd1
39. a7 Ra1 40. Kb6 h2 41. Rb8 g5 42. Kb7 Rxa7+ 43. Kxa7 g4 0-1

[Event "Michigan Class C"]
[Site "Grand Rapids, MI"]
[Date "1999.01.10"]
[Round "4"]
[White "Johnson, Donta"]
[Black "Foord, Allan"]
[Result "1-0"]
[WhiteElo "1605"]
[BlackElo "1605"]
[PlyCount "44"]
[EventDate "1999.01.09"]

1. e4 c5 2. Nf3 d6 3. d4 cxd4 4. Nxd4 Nf6 5. Nc3 a6 6. Bc4 Bg4 7. f3 Bh5 8. Be3
Qa5 9. Qd2 Nc6 10. Nb3 Qc7 11. O-O-O Ne5 12. Be2 Nc4 13. Bxc4 Qxc4 14. e5 dxe5
15. g4 Bg6 16. g5 Qc7 17. gxf6 exf6 18. Bb6 Qe7 19. Nd5 Rc8 20. Nxe7 Rxc2+ 21.
Qxc2 Bxc2 22. Kxc2 Bxe7 1-0

[Event "Michigan Class C"]
[Site "Grand Rapids, MI"]
[Date "1999.01.10"]
[Round "4"]
[White "Jensen, David"]
[Black "Burnham, Kim"]
[Result "1-0"]
[WhiteElo "1605"]
[BlackElo "1605"]
[PlyCount "53"]
[EventDate "1999.01.09"]

1. d4 Nf6 2. c4 e6 3. Nc3 Bb4 4. Bg5 O-O 5. Qc2 b6 6. Nf3 Bb7 7. a3 Bxc3+ 8.
bxc3 h6 9. Bh4 d5 10. e3 dxc4 11. Bxc4 Nbd7 12. O-O c5 13. Rad1 Qe7 14. Ne5 g5
15. Bg3 Rfd8 16. f3 cxd4 17. cxd4 Qxa3 18. e4 Qe7 19. Qa2 Nxe5 20. Bxe5 Nd7 21.
Bg3 Rac8 22. Ba6 Bxa6 23. Qxa6 Nb8 24. Qa2 Nc6 25. d5 Nb4 26. Qb3 Rc2 27. d6
1-0

[Event "Michigan Class D/E"]
[Site "Grand Rapids, MI"]
[Date "1999.01.10"]
[Round "4"]
[White "Jaskot, Allan"]
[Black "Wilson, Chad"]
[Result "1-0"]
[WhiteElo "1605"]
[BlackElo "1605"]
[PlyCount "97"]
[EventDate "1999.01.09"]

1. e4 c6 2. Nc3 d5 3. exd5 cxd5 4. Nf3 Bf5 5. Nd4 Bg6 6. Bb5+ Nd7 7. Nxd5 a6 8.
Ba4 b5 9. Bb3 e6 10. Ne3 Bc5 11. Nf3 Bh5 12. g4 Bxe3 13. gxh5 Bf4 14. d3 Bxc1
15. Qxc1 Nc5 16. Qe3 Nxb3 17. axb3 h6 18. Rg1 Qf6 19. Qe4 Rc8 20. d4 Ne7 21.
Rxa6 O-O 22. Qe5 Qxe5+ 23. Nxe5 Rxc2 24. Nd3 Rfc8 25. Rg4 Nd5 26. Ra5 b4 27.
Rc5 R8xc5 28. dxc5 Nf6 29. Rxb4 Nxh5 30. Kd1 Rxb2 31. Nxb2 Nf6 32. Rb8+ Kh7 33.
Na4 Nd7 34. Rd8 Ne5 35. Nb6 g5 36. Rc8 h5 37. c6 Nxc6 38. Rxc6 e5 39. Nd5 e4
40. b4 h4 41. b5 Kg7 42. b6 g4 43. Nf4 e3 44. fxe3 g3 45. hxg3 hxg3 46. b7 g2
47. Nxg2 f5 48. Nf4 Kf7 49. b8=Q 1-0

[Event "Michigan Class D/E"]
[Site "Grand Rapids, MI"]
[Date "1999.01.10"]
[Round "5"]
[White "Jaskot, Allan"]
[Black "Evans Jr., Thomas"]
[Result "0-1"]
[WhiteElo "1605"]
[BlackElo "1605"]
[PlyCount "43"]
[EventDate "1999.01.09"]

1. e4 e6 2. Bc4 d5 3. exd5 exd5 4. Bb3 Nf6 5. Nf3 Bg4 6. h3 Be6 7. O-O c5 8.
Re1 a6 9. a4 c4 10. Ba2 b5 11. Nd4 Qb6 12. c3 Bc5 13. d3 O-O 14. Be3 Nbd7 15.
b4 Bxd4 16. Bxd4 Qc6 17. a5 Bf5 18. Qf3 Bxd3 19. Nd2 Ne4 20. Nxe4 Bxe4 21. Qg4
Nf6 22. Bb1 0-1